Les clubs des champions du monde 2018 - Statistiques

Statistiques générales
  • Ce quiz a été pris 178 fois
  • Le résultat moyen est 21 sur 23
Statistiques - réponses
Hint Réponse % Correct
Steve Mandanda Olympique de Marseille
99%
Presnel Kimpembe Paris Saint-Germain
99%
Hugo Lloris Tottenham Hotspur
99%
Samuel Umtiti FC Barcelone
98%
Raphaël Varane Real Madrid
98%
N'Golo Kante Chelsea
97%
Kylian Mbappe Paris Saint-Germain
97%
Antoine Griezmann Atletico Madrid
96%
Paul Pogba Manchester United
96%
Florin Thauvin Olympique de Marseille
96%
Ousmane Dembele FC Barcelone
95%
Olivier Giroud Chelsea
94%
Adil Rami Olympique de Marseille
94%
Nabil Fekir Olympique Lyonnais
94%
Alphonse Areola Paris Saint-Germain
94%
Benjamin Mendy Manchester City
93%
Blaise Matuidi Juventus Turin
90%
Djibril Sidibé AS Monaco
89%
Corentin Tolisso Bayern Munich
89%
Thomas Lemar AS Monaco
87%
Lucas Hernandez Atletico Madrid
80%
Benjamin Pavard VfB Stuttgart
77%
Steven Nzonzi FC Séville
73%
Aucun quiz correspondant
Distribution des résultats
% des personnes avec chaque résultat
Percentile par nombre de réponses
Votre historique - résultats
Vous n’avez pas pris ce quiz